|
|
|
|
| LEADER |
01485nam a2200409Ia 4500 |
| 001 |
EBC227694 |
| 003 |
MiAaPQ |
| 005 |
20200520144314.0 |
| 006 |
m o d | |
| 007 |
cr cn||||||||| |
| 008 |
040513s2004 maua sb 001 0 eng d |
| 010 |
|
|
|z 2004052339
|
| 020 |
|
|
|z 9781580538558
|
| 020 |
|
|
|z 1580538541 (alk. paper)
|
| 020 |
|
|
|z 158053855X
|
| 035 |
|
|
|a (MiAaPQ)EBC227694
|
| 035 |
|
|
|a (Au-PeEL)EBL227694
|
| 035 |
|
|
|a (CaPaEBR)ebr10081950
|
| 035 |
|
|
|a (OCoLC)56985807
|
| 040 |
|
|
|a MiAaPQ
|c MiAaPQ
|d MiAaPQ
|
| 050 |
|
4 |
|a HE7631
|b .S758 2004
|
| 082 |
0 |
4 |
|a 384/.043/0688
|2 22
|
| 100 |
1 |
|
|a Strouse, Karen G.
|
| 245 |
1 |
0 |
|a Customer-centered telecommunications services marketing
|h [electronic resource] /
|c Karen G. Strouse.
|
| 260 |
|
|
|a Boston :
|b Artech House,
|c c2004.
|
| 300 |
|
|
|a xiv, 205 p. :
|b ill.
|
| 490 |
1 |
|
|a Artech House telecommunications library
|
| 504 |
|
|
|a Includes bibliographical references and index.
|
| 533 |
|
|
|a Electronic reproduction. Ann Arbor, MI : ProQuest, 2015. Available via World Wide Web. Access may be limited to ProQuest affiliated libraries.
|
| 650 |
|
0 |
|a Competition, International.
|
| 650 |
|
0 |
|a Consumer satisfaction.
|
| 650 |
|
0 |
|a Customer relations.
|
| 650 |
|
0 |
|a Telecommunication
|x Marketing.
|
| 655 |
|
4 |
|a Electronic books.
|
| 710 |
2 |
|
|a ProQuest (Firm)
|
| 830 |
|
0 |
|a Artech House telecommunications library.
|
| 856 |
4 |
0 |
|u https://ebookcentral.proquest.com/lib/matrademy/detail.action?docID=227694
|z Click to View
|